| 000 | 00839nam a22002657a 4500 | ||
|---|---|---|---|
| 001 | 8242 | ||
| 003 | BD-RjUL | ||
| 005 | 20211208234541.0 | ||
| 008 | 140118s1961 -uk||||| |||| 001 0 eng d | ||
| 035 | _a(BD-RjUL)8287 | ||
| 040 |
_beng _cBD-RjUL _dBD-RjUL |
||
| 041 | _aeng | ||
| 082 | 0 | 4 |
_220 _a520 _bPAH 1961 |
| 100 | 1 |
_aPannekoek, Anton. _925671 |
|
| 245 | 1 | 0 |
_aA history of astronomy / _cAnton Pannekoek. |
| 260 |
_aLondon : _bGeorge allen & unwin ltd., _c1961. |
||
| 300 |
_a521 p. : _bill.; _c24 cm. |
||
| 500 | _aTranslation of De groei van ons wereldbeeld. | ||
| 504 | _aincludes index. | ||
| 650 | 0 |
_a Astronomy -- History. _925672 |
|
| 650 | 0 |
_a Sterrenkunde. _925673 |
|
| 650 | 0 |
_a Astronomy. _925674 |
|
| 856 | _uhttp://www.worldcat.org/title/history-of-astronomy/oclc/1179286&referer=brief_results | ||
| 942 |
_2ddc _cBK |
||
| 999 |
_c8242 _d8242 |
||